000 00499nam a2200169Ia 4500
005 20250128004351.0
008 240331s9999 xx 000 0 und d
020 _a
082 _bDEV
_a948
100 _aDevaraj, P.P
245 0 _aRights and power sharing Issues in Sri Lanka with specialfocus on Indian Tamil comunity
260 _aColombo
_bFoundation for Community Transformation
_c2006
300 _aiii, 81 p .,
650 _aFundamental Rights
650 _aMulti Cultural
942 _cL
999 _c3998
_d3998